Introduction to mathematical statistics (Record no. 23)

MARC details
000 -LEADER
fixed length control field 00604 a2200229 4500
001 - CONTROL NUMBER
control field 001068
003 - CONTROL NUMBER IDENTIFIER
control field OSt
005 - DATE AND TIME OF LATEST TRANSACTION
control field 20211007122450.0
008 - FIXED-LENGTH DATA ELEMENTS--GENERAL INFORMATION
fixed length control field
020 ## - INTERNATIONAL STANDARD BOOK NUMBER
International Standard Book Number 0321795431
040 ## - CATALOGING SOURCE
Transcribing agency CURAJ
082 ## - DEWEY DECIMAL CLASSIFICATION NUMBER
Classification number 519.5
Item number H67I
100 1# - MAIN ENTRY--PERSONAL NAME
Personal name Hogg, Robert V.
245 1# - TITLE STATEMENT
Title Introduction to mathematical statistics
Statement of responsibility, etc by Robert V. Hogg, Joseph W. Mckean and Allen T. Craig
250 ## - EDITION STATEMENT
Edition statement 6th ed.
260 ## - PUBLICATION, DISTRIBUTION, ETC. (IMPRINT)
Place of publication, distribution, etc New Delhi
Name of publisher, distributor, etc Pearson
Date of publication, distribution, etc 2008
300 ## - PHYSICAL DESCRIPTION
Extent 718p.
690 ## - LOCAL SUBJECT ADDED ENTRY--TOPICAL TERM (OCLC, RLIN)
Topical term or geographic name as entry element Mathematical statistics
700 ## - ADDED ENTRY--PERSONAL NAME
Personal name Mckean, Joseph W.
700 ## - ADDED ENTRY--PERSONAL NAME
Personal name Craig, Allen T.
942 ## - ADDED ENTRY ELEMENTS (KOHA)
Source of classification or shelving scheme Dewey Decimal Classification
Koha item type Books
Holdings
Withdrawn status Lost status Source of classification or shelving scheme Damaged status Not for loan Collection code Home library Current library Date acquired Source of acquisition Cost, normal purchase price Full call number Barcode Date last seen Price effective from Koha item type
    Dewey Decimal Classification     General Text Book Central University Of Rajasthan Central University Of Rajasthan 28/09/2010 ECO 485.00 519.5 H67I 1060 21/11/2024 02/09/2020 Books